| 000 | 01646cam a2200469 a 4500 | ||
|---|---|---|---|
| 999 |
_c2961 _d2961 |
||
| 001 | 8629493 | ||
| 003 | OSt | ||
| 005 | 20180523083640.0 | ||
| 006 | m d | ||
| 007 | cr n | ||
| 008 | 100609s2011 ne a sb 001 0 eng d | ||
| 015 |
_aGBB094817 _2bnb |
||
| 016 | 7 |
_a015623118 _2Uk |
|
| 020 | _a9780123808820 (pbk.) | ||
| 020 | _a0123808820 (pbk.) | ||
| 035 | _a(WaSeSS)ssj0000437491 | ||
| 038 | _a0 | ||
| 040 |
_aUKM _cUKM _dUAT _dCDX _dIOG _dWaSeSS |
||
| 042 | _apcc | ||
| 050 | 4 |
_aBF724.55.A35 _bH36 2011 |
|
| 050 | 4 | _aBF724.55.A35 | |
| 060 | 0 | 0 |
_aWT 150 _bH2364 2011 |
| 082 | 0 | 4 |
_a155.67 _222 |
| 210 | 1 | 0 | _aHandbook of the psychology of aging |
| 245 | 0 | 0 | _aHandbook of the psychology of aging |
| 246 | 3 | _aPsychology of aging | |
| 250 |
_a7th ed. / _beditors, K. Warner Schaie and Sherry L. Willis ; associate editors, Bob G. Knight, Becca Levy, and Denise C. Park. |
||
| 260 |
_aAmsterdam ; _aBoston : _bElsevier/Academic Press, _c2011. |
||
| 490 | 1 | _aThe handbooks of aging | |
| 500 | _aPrevious ed.: 2006. | ||
| 504 | _aIncludes bibliographical references and indexes. | ||
| 506 | _aLicense restrictions may limit access. | ||
| 650 | 1 | 2 |
_aAged _xpsychology _910493 |
| 650 | 2 | 2 |
_aAging. _910494 |
| 700 | 1 |
_aSchaie, K. Warner _q(Klaus Warner), _d1928- _910495 |
|
| 700 | 1 |
_aWillis, Sherry L., _d1947- _910496 |
|
| 773 | 0 | _teBook - Psychology 2010 [EBCP10] | |
| 830 | 0 |
_aHandbooks of aging. _910497 |
|
| 856 | 4 | 0 |
_uhttp://www.columbia.edu/cgi-bin/cul/resolve?clio8629493 _zFull text available from eBook - Psychology 2010 [EBCP10] |
| 910 | _aNational Library of Medicine record | ||
| 942 |
_2ddc _cBK |
||